| 000 | 00779nam a2200277 a 4500 | ||
|---|---|---|---|
| 003 | AR-BaBNM | ||
| 005 | 20251128210338.0 | ||
| 008 | 082120s2002 ||||||||||||||000 | spa|| | ||
| 040 | _cAR-BaBNM | ||
| 100 | 1 | _aRecasens, Margarita | |
| 245 | 0 | 0 | _aCómo jugar con el lenguaje |
| 250 | _a5ª ed. | ||
| 260 |
_aBarcelona _bEdiciones CEAC _c1995 |
||
| 300 |
_a133 p. _bil., tablas |
||
| 490 | 0 | _aEducación y enseñanza | |
| 504 | _aContiene bibliografía al final de cada capítulo | ||
| 650 | 4 | _aVOCABULARIO | |
| 650 | 4 | _aPROCESO DE LECTURA | |
| 650 | 4 | _aACTIVIDADES DE APRENDIZAJE | |
| 650 | 4 | _aTECNICAS DIDACTICAS | |
| 653 | _aENSENANZA DE LA LENGUA | ||
| 653 | _aCOMPRENSION LECTORA | ||
| 800 | 1 |
_aSarramona, Jaume _edirector |
|
| 942 | _cBK | ||
| 998 | _cRaquel | ||
| 999 |
_c15058 _d15058 |
||